[Event "Godesberger SK 2 - SG Solingen 4"]
[Site "NRW-Klasse - Gruppe 4 2021/20"]
[Date "2021.12.19"]
[Round "3.1"]
[White "Bashylina, Luisa"]
[Black "Mantau, Jan"]
[Result "1/2-1/2"]
[WhiteElo "1976"]
[BlackElo "2184"]
[PlyCount "44"]
[EventDate "2021.??.??"]
[SourceVersionDate "2020.03.16"]
[WhiteTeam "SG Solingen 4"]
[BlackTeam "Godesberger SK 2"]

1. d4 Nf6 2. c4 g6 3. h4 h5 4. Nc3 Bg7 5. e4 d6 6. Be2 Nc6 7. Be3 e5 8. d5 Ne7
9. f3 c5 10. Nh3 a6 11. Ng5 Bd7 12. a4 b6 13. Qd2 Nc8 14. Kf2 Bh6 15. Rag1 Nh7
16. g4 hxg4 17. fxg4 Nxg5 18. hxg5 Bg7 19. Rxh8+ Bxh8 20. Rh1 Bg7 21. Qd1 Kf8
22. Kg3 Kg8 1/2-1/2

[Event "Godesberger SK 2 - SG Solingen 4"]
[Site "NRW-Klasse - Gruppe 4 2021/20"]
[Date "2021.12.19"]
[Round "3.2"]
[White "Gerusel, Mathias"]
[Black "Blasek, Ralph"]
[Result "1/2-1/2"]
[WhiteElo "2161"]
[BlackElo "2088"]
[PlyCount "27"]
[EventDate "2021.??.??"]
[SourceVersionDate "2020.03.16"]
[WhiteTeam "Godesberger SK 2"]
[BlackTeam "SG Solingen 4"]

1. d4 d5 2. c4 Bf5 3. Nc3 e6 4. Nf3 Nc6 5. a3 Nf6 6. Bg5 Be7 7. e3 O-O 8. Rc1
Ne4 9. Bxe7 Nxe7 10. Be2 c6 11. O-O h6 12. Nd2 Nxc3 13. Rxc3 Re8 14. Bd3
1/2-1/2

[Event "Godesberger SK 2 - SG Solingen 4"]
[Site "NRW-Klasse - Gruppe 4 2021/20"]
[Date "2021.12.19"]
[Round "3.3"]
[White "Fichtner, Ewald"]
[Black "Mittmann, Johannes"]
[Result "1/2-1/2"]
[WhiteElo "2048"]
[BlackElo "2105"]
[PlyCount "95"]
[EventDate "2021.??.??"]
[SourceVersionDate "2020.03.16"]
[WhiteTeam "SG Solingen 4"]
[BlackTeam "Godesberger SK 2"]

1. d4 d5 2. Bf4 Nf6 3. e3 c5 4. c3 Qb6 5. Qb3 c4 6. Qc2 Nc6 7. b3 cxb3 8. axb3
Bg4 9. Nd2 Rc8 10. Ngf3 e6 11. Qb2 Be7 12. h3 Bh5 13. Be2 Ne4 14. Nxe4 dxe4 15.
Nd2 Bxe2 16. Kxe2 f5 17. Rhb1 O-O 18. b4 e5 19. dxe5 g5 20. b5 Nd8 21. Bh2 Bc5
22. Nc4 Qe6 23. Qb3 Nf7 24. Nd6 Qxb3 25. Rxb3 Nxd6 26. exd6 Rcd8 27. Rd1 f4 28.
Rd5 Bxd6 29. Rxg5+ Kh8 30. Bxf4 Bxf4 31. exf4 Rxf4 32. Ke3 Rf7 33. c4 Rd1 34.
Rb2 Rc1 35. c5 Re1+ 36. Kd4 h6 37. Rg3 Rd7+ 38. Ke5 Rc1 39. Ke6 Rc7 40. Ra2
R1xc5 41. Rxa7 Rxb5 42. Ra8+ Kh7 43. Rd8 Rb6+ 44. Kf5 Rb2 45. Rgg8 Rxf2+ 46.
Kxe4 Re7+ 47. Kd3 Rff7 48. Rb8 1/2-1/2

[Event "Godesberger SK 2 - SG Solingen 4"]
[Site "NRW-Klasse - Gruppe 4 2021/20"]
[Date "2021.12.19"]
[Round "3.4"]
[White "Koegler, Christof"]
[Black "Rittmann, Dirk"]
[Result "1/2-1/2"]
[WhiteElo "2031"]
[BlackElo "2016"]
[Annotator "daniel"]
[PlyCount "83"]
[EventDate "2021.??.??"]
[SourceVersionDate "2020.03.16"]
[WhiteTeam "Godesberger SK 2"]
[BlackTeam "SG Solingen 4"]

1. d4 Nf6 2. Nf3 g6 3. Nc3 d5 4. Bf4 c6 5. e3 Bg7 6. Be2 O-O 7. Ne5 Nfd7 8.
Nxd7 Nxd7 9. h4 e5 10. dxe5 Bxe5 11. h5 Bxf4 12. exf4 Qf6 13. Qd2 Nc5 14. O-O-O
Ne6 15. g3 b5 16. hxg6 fxg6 17. Rh6 a6 18. Rdh1 Ra7 $11 19. f5 Qxf5 20. f4 Qf6
21. Bf3 Rg7 22. Ne2 Ng5 23. Bg2 Nf7 24. R6h2 Nd6 25. Nd4 Bd7 26. c3 a5 27. Nf3
Ne4 28. Qe1 Qd6 29. Ne5 Nf6 30. Bf3 Bf5 31. Rd2 Qc7 32. Qe3 Be4 33. Re2 Bxf3
34. Qxf3 Ne4 35. Qd3 Qb6 36. Rf1 Re7 37. Rf3 a4 38. a3 Rfe8 39. Kc2 Qc5 40. Ng4
Rf8 41. Rfe3 Kg7 42. Ne5 1/2-1/2

[Event "Godesberger SK 2 - SG Solingen 4"]
[Site "NRW-Klasse - Gruppe 4 2021/20"]
[Date "2021.12.19"]
[Round "3.5"]
[White "Goerke, Joachim"]
[Black "Mueller-Boge, Michael"]
[Result "1-0"]
[WhiteElo "2033"]
[BlackElo "1984"]
[PlyCount "79"]
[EventDate "2021.??.??"]
[SourceVersionDate "2020.03.16"]
[WhiteTeam "SG Solingen 4"]
[BlackTeam "Godesberger SK 2"]

1. e4 c5 2. Nf3 d6 3. d4 cxd4 4. Nxd4 Nf6 5. Nc3 a6 6. Bg5 Nbd7 7. f4 Qc7 8.
Qf3 h6 9. Bh4 g5 10. fxg5 hxg5 11. Bxg5 Qc5 12. Be3 Ne5 13. Qe2 Qb4 14. Qd2
Neg4 15. Bg5 Rh5 16. h4 e5 17. Bxf6 Nxf6 18. Nb3 Nxe4 19. Nxe4 Qxe4+ 20. Qe2
Qg6 21. Qf2 Rf5 22. Bd3 Rxf2 23. Bxg6 Rxg2 24. Be4 Rg4 25. Bd5 Bh6 26. Ke2 Ke7
27. Raf1 f6 28. Rfg1 Rb8 29. Na5 Ra4 30. Nc4 b5 31. Rg6 Bf8 32. Ne3 Rf4 33. h5
Be6 34. h6 Bxd5 35. Nxd5+ Kf7 36. Nxf4 exf4 37. h7 Bg7 38. Rhg1 Re8+ 39. Kf1
Bh8 40. Rg8 1-0

[Event "Godesberger SK 2 - SG Solingen 4"]
[Site "NRW-Klasse - Gruppe 4 2021/20"]
[Date "2021.12.19"]
[Round "3.6"]
[White "Schaefer, Timo"]
[Black "Speck, Stefan"]
[Result "1-0"]
[WhiteElo "1933"]
[BlackElo "1907"]
[PlyCount "81"]
[EventDate "2021.??.??"]
[SourceVersionDate "2020.03.16"]
[WhiteTeam "Godesberger SK 2"]
[BlackTeam "SG Solingen 4"]

1. d4 d5 2. c4 c6 3. Nf3 Nf6 4. Nc3 e6 5. Bg5 dxc4 6. e4 b5 7. e5 h6 8. Bh4 g5
9. Nxg5 hxg5 10. Bxg5 Nbd7 11. exf6 Qb6 12. Qd2 Bb7 13. O-O-O O-O-O 14. Be2 Bb4
15. Bf3 Qa5 16. h4 Nc5 17. Qc2 Nd3+ 18. Rxd3 cxd3 19. Qxd3 Rd7 20. Kb1 Rhd8 21.
Be3 Bxc3 22. Qxc3 b4 23. Qc5 Qxc5 24. dxc5 a5 25. h5 a4 26. b3 axb3 27. axb3
Ba6 28. Bxc6 Rd3 29. Kb2 Rd2+ 30. Bxd2 Rxd2+ 31. Ka1 Bd3 32. Be8 Rxf2 33. Bxf7
Rxf6 34. Bg8 Rh6 35. g4 Be2 36. Rh4 Kd7 37. Bf7 Rf6 38. Bg6 Kc6 39. g5 Rf1+ 40.
Kb2 Rf2 41. Kc1 1-0

[Event "Godesberger SK 2 - SG Solingen 4"]
[Site "NRW-Klasse - Gruppe 4 2021/20"]
[Date "2021.12.19"]
[Round "3.7"]
[White "Muedder, Rafael"]
[Black "Selalmazidis, Arsenis"]
[Result "1/2-1/2"]
[WhiteElo "2015"]
[BlackElo "1898"]
[PlyCount "87"]
[EventDate "2021.??.??"]
[SourceVersionDate "2020.03.16"]
[WhiteTeam "SG Solingen 4"]
[BlackTeam "Godesberger SK 2"]

1. e4 e5 2. Nf3 Nc6 3. Bc4 Nf6 4. Ng5 d5 5. exd5 Na5 6. Bb5+ c6 7. dxc6 bxc6 8.
Bd3 h6 9. Ne4 Nd5 10. O-O Be7 11. Re1 O-O 12. Ng3 Bd6 13. c4 Nf4 14. Bf1 f5 15.
d4 exd4 16. Qxd4 c5 17. Qd1 Bb7 18. Nc3 Nc6 19. Bxf4 Bxf4 20. Qd5+ Qxd5 21.
Nxd5 Bd6 22. Rad1 Rad8 23. f3 Nd4 24. Bd3 g6 25. Ne2 Nxe2+ 26. Rxe2 Kf7 27. Bc2
Rfe8 28. Rxe8 Rxe8 29. Nc3 Be5 30. Rd7+ Re7 31. Rxe7+ Kxe7 32. Nd1 Kf6 33. Ba4
f4 34. Kf1 Bd4 35. Ke2 Bc8 36. Bc6 g5 37. h3 Bf5 38. Be4 Be6 39. b3 h5 40. Nf2
Bxf2 41. Kxf2 Ke5 42. Ke2 Kd4 43. Kd2 a5 44. Bg6 1/2-1/2

[Event "Godesberger SK 2 - SG Solingen 4"]
[Site "NRW-Klasse - Gruppe 4 2021/20"]
[Date "2021.12.19"]
[Round "3.8"]
[White "Schniggenberg, Gerd"]
[Black "Bashylin, Seva"]
[Result "1/2-1/2"]
[WhiteElo "1900"]
[BlackElo "1822"]
[PlyCount "104"]
[EventDate "2021.??.??"]
[SourceVersionDate "2020.03.16"]
[WhiteTeam "Godesberger SK 2"]
[BlackTeam "SG Solingen 4"]

1. e4 e5 2. Nf3 d6 3. d4 exd4 4. Nxd4 Nf6 5. Nc3 Be7 6. Be2 O-O 7. O-O Nc6 8.
Be3 Nxd4 9. Qxd4 Ng4 10. Bxg4 Bxg4 11. Nd5 Bh5 12. Rfe1 Bg6 13. Bf4 Re8 14.
Rad1 Bf8 15. f3 f5 16. exf5 Rxe1+ 17. Rxe1 Bxf5 18. c4 c6 19. Nc3 Qb6 20. Qxb6
axb6 21. Rd1 Rd8 22. Be3 b5 23. cxb5 cxb5 24. Nxb5 d5 25. Nc7 d4 26. Rxd4 Rc8
27. Rd5 Bb1 28. Rd7 Bf5 29. Rd5 Bb1 30. Bb6 Bxa2 31. Rd7 Bc4 32. Bd4 b5 33. f4
Bd3 34. g4 h5 35. h3 hxg4 36. hxg4 Be2 37. Be5 Bxg4 38. Rd5 Be2 39. Kf2 Bc4 40.
Rd7 g6 41. Kg3 Bf7 42. Nxb5 Be8 43. Rc7 Rxc7 44. Nxc7 Bf7 45. Nb5 Bc5 46. Kg4
Bb3 47. Kg5 Kf7 48. Nc3 Be7+ 49. Kg4 Ke6 50. Bg7 Bc2 51. Nb5 Bd1+ 52. Kg3 Bc5
1/2-1/2

[Event "SF Stadtverwaltung Bonn 1 - Bergische S"]
[Site "NRW-Klasse - Gruppe 4 2021/20"]
[Date "2021.12.19"]
[Round "3.1"]
[White "Bosbach, Stefan"]
[Black "Horstmann, Olaf"]
[Result "0-1"]
[WhiteElo "2018"]
[BlackElo "2125"]
[PlyCount "120"]
[EventDate "2021.??.??"]
[SourceVersionDate "2020.03.16"]
[WhiteTeam "Bergische SF 1"]
[BlackTeam "SF Stadtverwaltung Bonn 1"]

1. e4 d5 2. exd5 Qxd5 3. Nc3 Qa5 4. Nf3 Nf6 5. Bc4 Bg4 6. h3 Bh5 7. g4 Bg6 8.
d3 c6 9. Bd2 Qc7 10. Qe2 Nbd7 11. a4 O-O-O 12. b4 Nb6 13. Ne5 e6 14. Nd1 Nxc4
15. Nxc4 h5 16. g5 Nd5 17. b5 Nb4 18. Bxb4 Bxb4+ 19. Kf1 Rd5 20. bxc6 Qxc6 21.
Rg1 Qc7 22. Nde3 Rd7 23. Rb1 Bc5 24. Rb3 Re8 25. Nd2 Kb8 26. Nec4 e5 27. Ne4
Bxe4 28. Qxe4 Rd4 29. Qe2 Rf4 30. Rg2 g6 31. c3 Qd7 32. Rb5 b6 33. Nxe5 Qxh3
34. Rxc5 bxc5 35. Nc6+ Kc7 36. Qxe8 Qxd3+ 37. Qe2 Qb1+ 38. Qe1 Qxe1+ 39. Kxe1
Kxc6 40. Rg3 Rxa4 41. Rf3 Re4+ 42. Kd2 Re7 43. Rf6+ Kb5 44. f4 a5 45. f5 gxf5
46. Rxf5 a4 47. Kc2 Ra7 48. Kb2 Kc4 49. Rf4+ Kd3 50. Rf3+ Ke4 51. Rh3 Kf5 52.
Rxh5 Kg4 53. Rh6 Kxg5 54. Rc6 Ra5 55. Ka3 f5 56. c4 f4 57. Rc8 f3 58. Rf8 Kg4
59. Rg8+ Kf4 60. Rf8+ Ke3 0-1

[Event "SF Stadtverwaltung Bonn 1 - Bergische S"]
[Site "NRW-Klasse - Gruppe 4 2021/20"]
[Date "2021.12.19"]
[Round "3.2"]
[White "Suppert, Timur"]
[Black "Harringer, Manfred"]
[Result "1-0"]
[WhiteElo "2099"]
[BlackElo "2025"]
[PlyCount "63"]
[EventDate "2021.??.??"]
[SourceVersionDate "2020.03.16"]
[WhiteTeam "SF Stadtverwaltung Bonn 1"]
[BlackTeam "Bergische SF 1"]

1. d4 Nf6 2. Bg5 d5 3. Bxf6 exf6 4. e3 Be6 5. Nd2 Nd7 6. c4 dxc4 7. Bxc4 Nb6 8.
Bd3 c5 9. Ne2 cxd4 10. Nxd4 Bb4 11. O-O Bxd2 12. Qxd2 O-O 13. Qc2 h6 14. Qe2
Qe7 15. Qf3 g6 16. Nxe6 Qxe6 17. Qxb7 Rfd8 18. Rfd1 Rd5 19. Bc2 Rxd1+ 20. Bxd1
Qd7 21. Qe4 Qd2 22. Bb3 Qxb2 23. Qxg6+ Kh8 24. Qxh6+ Kg8 25. Qg6+ Kh8 26. Qh5+
Kg7 27. Qxf7+ Kh6 28. Rd1 Rc8 29. h4 Qe5 30. Qxa7 Nc4 31. Qa6 Nb2 32. Qxc8 1-0

[Event "SF Stadtverwaltung Bonn 1 - Bergische S"]
[Site "NRW-Klasse - Gruppe 4 2021/20"]
[Date "2021.12.19"]
[Round "3.3"]
[White "Heckoetter, Christian"]
[Black "Wagner, Rainer"]
[Result "1/2-1/2"]
[WhiteElo "1970"]
[BlackElo "2053"]
[Annotator "daniel"]
[PlyCount "90"]
[EventDate "2021.??.??"]
[SourceVersionDate "2020.03.16"]
[WhiteTeam "Bergische SF 1"]
[BlackTeam "SF Stadtverwaltung Bonn 1"]

1. d4 Nf6 2. Bg5 d5 3. e3 c6 4. Bxf6 exf6 5. c4 Bb4+ 6. Nc3 O-O 7. Qb3 Ba5 8.
cxd5 cxd5 9. Bd3 Nc6 10. Nge2 Rb8 11. O-O Ne7 12. Rac1 Be6 13. a3 Bc7 14. Nb5
Bb6 15. Nf4 Qd7 16. Rc2 Rfc8 $11 17. Rfc1 Rxc2 18. Rxc2 Rd8 19. Rc1 Bf5 20.
Bxf5 Qxf5 21. Qd3 Qd7 22. Nc3 g6 23. Qb5 Qc6 24. Qxc6 bxc6 25. Na4 Bc7 26. Nd3
Bd6 27. Nac5 Bxc5 28. Rxc5 Rb8 29. Kf1 Kf8 30. Nb4 Rb6 31. Ke1 Ke8 32. Kd1 Kd7
33. Ra5 Nc8 34. Kc2 Rb7 35. Nd3 Rc7 36. Nc5+ Kd6 37. Na6 Rb7 38. Nc5 Rc7 39.
Nd3 Kd7 40. b3 Nd6 41. Nc5+ Ke7 42. Na6 Rb7 43. Nb4 Kd7 44. Nd3 Rc7 45. Ra6 Ke7
1/2-1/2

[Event "SF Stadtverwaltung Bonn 1 - Bergische S"]
[Site "NRW-Klasse - Gruppe 4 2021/20"]
[Date "2021.12.19"]
[Round "3.4"]
[White "Wahl, Felix"]
[Black "Weiser, Hans-Josef"]
[Result "1-0"]
[WhiteElo "2017"]
[BlackElo "1986"]
[Annotator "daniel"]
[PlyCount "81"]
[EventDate "2021.??.??"]
[SourceVersionDate "2020.03.16"]
[WhiteTeam "SF Stadtverwaltung Bonn 1"]
[BlackTeam "Bergische SF 1"]

1. e4 c5 2. Nf3 d6 3. d4 cxd4 4. Nxd4 Nf6 5. Nc3 a6 6. Be3 e5 7. Nb3 Be7 8. h3
Nc6 9. Qf3 Be6 10. O-O-O Qc7 11. Kb1 b5 12. Nd5 Bxd5 13. exd5 Na5 14. Nxa5 Qxa5
15. g4 Rc8 16. g5 Nd7 17. h4 Nc5 18. Bh3 Rc7 19. h5 Na4 $11 20. g6 Bf6 21. Bd2
b4 22. Qb3 Rb7 23. a3 Nc5 24. Qc4 O-O 25. axb4 Qb6 26. b3 Nd7 27. Qc6 Rc7 28.
Qxb6 Nxb6 29. gxf7+ Kxf7 30. c4 Rb8 31. Be6+ Kf8 32. Kc2 e4 33. Bf4 Nxc4 34.
bxc4 Rxc4+ 35. Kd2 Bc3+ 36. Ke2 Bxb4 37. Rc1 Rxc1 38. Rxc1 Bc5 39. Rc2 g6 40.
hxg6 hxg6 41. Be3 1-0

[Event "SF Stadtverwaltung Bonn 1 - Bergische S"]
[Site "NRW-Klasse - Gruppe 4 2021/20"]
[Date "2021.12.19"]
[Round "3.5"]
[White "Gelsok, Philipp"]
[Black "Nenner, Thomas"]
[Result "1/2-1/2"]
[WhiteElo "1967"]
[BlackElo "1984"]
[PlyCount "56"]
[EventDate "2021.??.??"]
[SourceVersionDate "2020.03.16"]
[WhiteTeam "Bergische SF 1"]
[BlackTeam "SF Stadtverwaltung Bonn 1"]

1. e4 c6 2. c4 d5 3. exd5 cxd5 4. cxd5 Qxd5 5. Nc3 Qa5 6. Bc4 Nf6 7. Nf3 e6 8.
O-O Be7 9. d4 O-O 10. Qe2 Nc6 11. a3 a6 12. Bg5 Nxd4 13. Qd2 Rd8 14. Nxd4 Qc5
15. Be2 Rxd4 16. Qc1 Rd8 17. Bf3 Rb8 18. Re1 b5 19. Bf4 Bd6 20. Rd1 Bb7 21.
Bxb7 Rxb7 22. Nxb5 Qxb5 23. Rxd6 Rbd7 24. Rxd7 Qxd7 25. Bg5 Rc8 26. Qf1 Ne4 27.
Be3 Qb7 28. Rc1 f5 1/2-1/2

[Event "SF Stadtverwaltung Bonn 1 - Bergische S"]
[Site "NRW-Klasse - Gruppe 4 2021/20"]
[Date "2021.12.19"]
[Round "3.6"]
[White "Falkenberg, Hendrik"]
[Black "Thelen, Harm-Wulf"]
[Result "1-0"]
[WhiteElo "1878"]
[BlackElo "1921"]
[PlyCount "45"]
[EventDate "2021.??.??"]
[SourceVersionDate "2020.03.16"]
[WhiteTeam "SF Stadtverwaltung Bonn 1"]
[BlackTeam "Bergische SF 1"]

1. d4 Nf6 2. c4 g6 3. Nc3 Bg7 4. e4 d6 5. Nf3 Nbd7 6. h3 e5 7. d5 Nc5 8. Qc2 a5
9. Be3 b6 10. Be2 Nh5 11. g3 O-O 12. Nh4 Nf6 13. b3 Ne8 14. Bg4 Nxe4 15. Nxe4
f5 16. Ng5 fxg4 17. hxg4 Bxg4 18. Nxh7 Bf5 19. Nxf5 Rxf5 20. g4 Rf7 21. Qxg6
Qd7 22. Ng5 Rf6 23. Rh8+ 1-0

[Event "SF Stadtverwaltung Bonn 1 - Bergische S"]
[Site "NRW-Klasse - Gruppe 4 2021/20"]
[Date "2021.12.19"]
[Round "3.7"]
[White "Gutt, Oswald"]
[Black "Moos, Gerd Anton Ferdinan"]
[Result "1-0"]
[WhiteElo "1851"]
[BlackElo "1874"]
[PlyCount "77"]
[EventDate "2021.??.??"]
[SourceVersionDate "2020.03.16"]
[WhiteTeam "Bergische SF 1"]
[BlackTeam "SF Stadtverwaltung Bonn 1"]

1. d4 e6 2. e4 d5 3. Nc3 Bb4 4. Nge2 Nf6 5. e5 Ne4 6. a3 Nxc3 7. Nxc3 Bxc3+ 8.
bxc3 Bd7 9. a4 O-O 10. h4 f6 11. f4 c5 12. Ba3 fxe5 13. fxe5 Rf4 14. g3 Re4+
15. Kf2 cxd4 16. cxd4 Nc6 17. c3 Nxe5 18. dxe5 Qb6+ 19. Kg2 Bxa4 20. Qb1 Qc6
21. Bd6 d4 22. Kh2 dxc3 23. Bd3 Rd4 24. Qf1 Qd5 25. Rxa4 Rxa4 26. Bb5 Ra2+ 27.
Kh3 Rb2 28. Bc4 Qc6 29. Bxe6+ Kh8 30. Bg4 Rf2 31. Qxf2 Qxh1+ 32. Qh2 Qxh2+ 33.
Kxh2 c2 34. Ba3 Rd8 35. e6 g6 36. e7 Ra8 37. Bd7 Kg7 38. e8=Q Rxe8 39. Bxe8 1-0

[Event "SF Stadtverwaltung Bonn 1 - Bergische S"]
[Site "NRW-Klasse - Gruppe 4 2021/20"]
[Date "2021.12.19"]
[Round "3.8"]
[White "Huse, Johannes"]
[Black "Tuerkkan, Nuh"]
[Result "1/2-1/2"]
[WhiteElo "1527"]
[BlackElo "1787"]
[Annotator "daniel"]
[PlyCount "78"]
[EventDate "2021.??.??"]
[SourceVersionDate "2020.03.16"]
[WhiteTeam "SF Stadtverwaltung Bonn 1"]
[BlackTeam "Bergische SF 1"]

1. e4 c5 2. c4 Nc6 3. Nc3 g6 4. g3 Bg7 5. Bg2 d6 6. Nge2 e6 7. O-O Nge7 8. d3
O-O 9. h3 Bd7 10. f4 Rb8 11. a3 Nd4 12. Rb1 b5 13. cxb5 Nxb5 14. Nxb5 Bxb5 15.
b4 Qd7 16. Bb2 Bxb2 17. Rxb2 c4 18. dxc4 Bxc4 19. Rf3 a5 20. Rc3 Bxe2 21. Qxe2
axb4 22. axb4 Qa7+ 23. Qe3 Qxe3+ 24. Rxe3 Nc6 25. Rd3 Rxb4 26. Rxb4 Nxb4 27.
Rxd6 $11 Rc8 28. Rd2 Rc3 29. g4 Nd3 30. f5 Kg7 31. fxe6 fxe6 32. g5 Ne5 33. Kf2
h6 34. gxh6+ Kxh6 35. Rd6 Nd3+ 36. Ke3 Nb4+ 37. Kf4 Nd3+ 38. Ke3 Nb4+ 39. Kf4
Nd3+ 1/2-1/2

[Event "Hellertaler SF 1 - SK Turm Euskirchen 1"]
[Site "NRW-Klasse - Gruppe 4 2021/20"]
[Date "2021.12.19"]
[Round "3.1"]
[White "Vandenbergen, Nicolas"]
[Black "Rahimi, Rahim"]
[Result "0-1"]
[WhiteElo "2132"]
[BlackElo "2080"]
[PlyCount "82"]
[EventDate "2021.??.??"]
[SourceVersionDate "2020.03.16"]
[WhiteTeam "SK Turm Euskirchen 1"]
[BlackTeam "Hellertaler SF 1"]

1. Nc3 Nf6 2. e4 e5 3. f4 d6 4. Nf3 exf4 5. Bc4 Be6 6. Qe2 Qd7 7. d4 Nh5 8. O-O
Bxc4 9. Qxc4 c6 10. d5 Be7 11. Nd4 g5 12. a4 Bf6 13. Nf5 c5 14. Bd2 Ng7 15. Nh6
Be5 16. Nd1 Na6 17. Nf2 Nc7 18. a5 Qb5 19. Qxb5+ Nxb5 20. c3 Rf8 21. Nd3 f6 22.
h4 c4 23. Nb4 a6 24. Rf3 Kd7 25. Rh3 Rae8 26. Nc2 Re7 27. Ra4 Rc8 28. Ne1 Rc5
29. Nf3 f5 30. exf5 g4 31. Nxg4 Nxf5 32. Kf2 Ng3 33. h5 Ne4+ 34. Kg1 Rxd5 35.
Be1 Rd1 36. Rxc4 Bh8 37. Nf2 Rxe1+ 38. Nxe1 Nd2 39. Rxf4 Rxe1+ 40. Kh2 Be5 41.
g3 Bxf4 0-1

[Event "Hellertaler SF 1 - SK Turm Euskirchen 1"]
[Site "NRW-Klasse - Gruppe 4 2021/20"]
[Date "2021.12.19"]
[Round "3.2"]
[White "Reiffenrath, Christian"]
[Black "Herzwurm, Robert"]
[Result "1/2-1/2"]
[WhiteElo "1997"]
[BlackElo "1999"]
[PlyCount "88"]
[EventDate "2021.??.??"]
[SourceVersionDate "2020.03.16"]
[WhiteTeam "Hellertaler SF 1"]
[BlackTeam "SK Turm Euskirchen 1"]

1. d4 Nf6 2. g3 g6 3. Bg2 Bg7 4. e4 d6 5. Ne2 O-O 6. O-O e5 7. c3 Qe8 8. Qc2
Nc6 9. b4 exd4 10. cxd4 Nxb4 11. Qxc7 Bg4 12. Qc4 a5 13. Nbc3 d5 14. Qb3 dxe4
15. Be3 Be6 16. Qb1 Bc4 17. Rc1 b5 18. h3 Rc8 19. Bf1 Bd3 20. Qb2 Nc2 21. Rxc2
Bxc2 22. Nxb5 Bd3 23. Nec3 Bxf1 24. Kxf1 Qd7 25. Kg2 Nd5 26. Nxd5 Qxd5 27. a4
Rfd8 28. Qd2 Qc4 29. Qxa5 Ra8 30. Qc7 Qxc7 31. Nxc7 Ra5 32. Nb5 Rb8 33. Nc3 Rb4
34. Rd1 Rc4 35. Nxe4 Raxa4 36. Nd2 Rc7 37. Nf3 Rac4 38. Rb1 Rc8 39. Rb7 R4c7
40. Rb4 Rd7 41. g4 Bf8 42. Rb5 Bg7 43. Rb4 Bf8 44. Rb5 Bg7 1/2-1/2

[Event "Hellertaler SF 1 - SK Turm Euskirchen 1"]
[Site "NRW-Klasse - Gruppe 4 2021/20"]
[Date "2021.12.19"]
[Round "3.3"]
[White "Brinkmann, Sven"]
[Black "Mueller, Sven"]
[Result "0-1"]
[WhiteElo "2002"]
[BlackElo "1968"]
[PlyCount "124"]
[EventDate "2021.??.??"]
[SourceVersionDate "2020.03.16"]
[WhiteTeam "SK Turm Euskirchen 1"]
[BlackTeam "Hellertaler SF 1"]

1. e4 c5 2. Nc3 Nc6 3. g3 g6 4. Bg2 Bg7 5. d3 d6 6. Be3 Nf6 7. h3 e5 8. Qd2 Nd4
9. Nce2 O-O 10. c3 Ne6 11. f4 exf4 12. gxf4 Nh5 13. Nf3 Rb8 14. O-O b5 15. f5
Nc7 16. Nh2 b4 17. Ng4 bxc3 18. bxc3 gxf5 19. exf5 Bb7 20. f6 Nxf6 21. Bg5 Nce8
22. Bxb7 Rxb7 23. Qf4 Rb2 24. Ng3 Qa8 25. Ne4 Nh5 26. Qf3 f5 27. Nh6+ Bxh6 28.
Bxh6 Neg7 29. Nxd6 Qxf3 30. Rxf3 Rf6 31. Bxg7 Nxg7 32. Ne4 Rg6+ 33. Rg3 fxe4
34. Rxg6 hxg6 35. dxe4 Kf7 36. a4 Nh5 37. Rd1 Ke6 38. Rd5 Nf4 39. Rxc5 Nxh3+
40. Kf1 Nf4 41. Rc7 Rc2 42. a5 a6 43. Rc6+ Ke5 44. Rxa6 Rxc3 45. Kf2 Kxe4 46.
Ra8 Rf3+ 47. Kg1 Kf5 48. a6 Kg4 49. Rb8 Kg3 50. Rb1 Ra3 51. a7 Rxa7 52. Rb3+
Kg4 53. Rb2 Ra3 54. Rb1 Kg3 55. Kh1 Kh3 56. Kg1 Rf3 57. Rb2 Kg3 58. Rb1 g5 59.
Ra1 g4 60. Rb1 Kh3 61. Re1 Ng2 62. Ra1 Ne3 0-1

[Event "Hellertaler SF 1 - SK Turm Euskirchen 1"]
[Site "NRW-Klasse - Gruppe 4 2021/20"]
[Date "2021.12.19"]
[Round "3.4"]
[White "Petri, Wolfgang"]
[Black "Weißhuhn, Gunnar"]
[Result "0-1"]
[WhiteElo "1920"]
[BlackElo "2017"]
[PlyCount "80"]
[EventDate "2021.??.??"]
[SourceVersionDate "2020.03.16"]
[WhiteTeam "Hellertaler SF 1"]
[BlackTeam "SK Turm Euskirchen 1"]

1. e4 c5 2. Nf3 d6 3. d4 cxd4 4. Nxd4 Nf6 5. Nc3 a6 6. Bg5 e6 7. f4 Be7 8. Qf3
Nc6 9. O-O-O Nxd4 10. Rxd4 Qb6 11. Rd1 Bd7 12. Kb1 Rc8 13. e5 Bc6 14. Qh3 dxe5
15. fxe5 Ng8 16. Be3 Bc5 17. Bc1 Ne7 18. Bd3 Bd4 19. Ne4 Bxe5 20. Rhe1 Bd5 21.
Ng5 Bc3 22. Nxh7 Rxh7 23. Bxh7 Bxe1 24. Be4 Bc3 25. Bxd5 exd5 26. Ka1 Bf6 27.
Qh8+ Kd7 28. Qh3+ Qe6 29. Qb3 Kc7 30. Bf4+ Be5 31. Qc3+ Nc6 32. Bxe5+ Qxe5 33.
Qf3 d4 34. Qxf7+ Kb8 35. g3 Ka8 36. Qf4 Qe2 37. Qf1 Qxc2 38. Rc1 Qe4 39. a3 d3
40. Re1 Qd4 0-1

[Event "Hellertaler SF 1 - SK Turm Euskirchen 1"]
[Site "NRW-Klasse - Gruppe 4 2021/20"]
[Date "2021.12.19"]
[Round "3.5"]
[White "Scholzen, Wolfgang"]
[Black "Petri, Raphael"]
[Result "1-0"]
[WhiteElo "2018"]
[BlackElo "1868"]
[PlyCount "45"]
[EventDate "2021.??.??"]
[SourceVersionDate "2020.03.16"]
[WhiteTeam "SK Turm Euskirchen 1"]
[BlackTeam "Hellertaler SF 1"]

1. d4 e6 2. c4 d5 3. Nc3 Nf6 4. Bg5 Be7 5. Nf3 Nbd7 6. e3 O-O 7. Bd3 a6 8. cxd5
exd5 9. O-O c6 10. Qc2 h6 11. Bh4 Nh5 12. Bxe7 Qxe7 13. Rfe1 Nhf6 14. a3 g5 15.
e4 dxe4 16. Nxe4 Nxe4 17. Rxe4 Qd6 18. Qd2 Nf6 19. Nxg5 Nxe4 20. Nxe4 Qxd4 21.
Qxh6 f5 22. Ng5 Qg7 23. Bc4+ 1-0

[Event "Hellertaler SF 1 - SK Turm Euskirchen 1"]
[Site "NRW-Klasse - Gruppe 4 2021/20"]
[Date "2021.12.19"]
[Round "3.6"]
[White "Mellmann, Matthias"]
[Black "Blumenthal, Ralf"]
[Result "1/2-1/2"]
[WhiteElo "1845"]
[BlackElo "1825"]
[PlyCount "104"]
[EventDate "2021.??.??"]
[SourceVersionDate "2020.03.16"]
[WhiteTeam "Hellertaler SF 1"]
[BlackTeam "SK Turm Euskirchen 1"]

1. e4 c5 2. Nc3 e6 3. g3 Nc6 4. Bg2 Be7 5. Nh3 Nf6 6. O-O d5 7. exd5 exd5 8.
Nf4 d4 9. Ncd5 Nxd5 10. Nxd5 Bd6 11. Re1+ Be6 12. d3 O-O 13. Nf4 Bf5 14. Bd2
Qd7 15. Qf3 Rab8 16. h3 Ne5 17. Qd5 Qc7 18. Re2 Bd7 19. Qb3 b5 20. c3 c4 21.
Qc2 cxd3 22. Nxd3 Bf5 23. Be4 Bxh3 24. Nxe5 Bxe5 25. cxd4 Qxc2 26. Bxc2 Bxd4
27. Bf4 Rb6 28. Be4 Be6 29. a3 Bc4 30. Rd2 Bf6 31. Re1 g6 32. Bf3 Kg7 33. Be3
Re6 34. Bg4 Ree8 35. Red1 a6 36. b4 h5 37. Bf3 Rd8 38. Rxd8 Rxd8 39. Rxd8 Bxd8
40. Bb7 a5 41. bxa5 Bxa5 42. Ba6 Kf6 43. a4 Ke6 44. Bxb5 Bxb5 45. axb5 Kd6 46.
Kg2 Bd8 47. Kf3 Kd5 48. Kf4 Be7 49. g4 g5+ 50. Kg3 h4+ 51. Kh3 f6 52. f4 gxf4
1/2-1/2

[Event "Hellertaler SF 1 - SK Turm Euskirchen 1"]
[Site "NRW-Klasse - Gruppe 4 2021/20"]
[Date "2021.12.19"]
[Round "3.7"]
[White "Reckers, Sebastian"]
[Black "Siebel, Holger"]
[Result "1-0"]
[WhiteElo "1811"]
[BlackElo "1772"]
[PlyCount "79"]
[EventDate "2021.??.??"]
[SourceVersionDate "2020.03.16"]
[WhiteTeam "SK Turm Euskirchen 1"]
[BlackTeam "Hellertaler SF 1"]

1. e4 c5 2. Nf3 d6 3. d4 cxd4 4. Nxd4 g6 5. c4 Bg7 6. Be3 Nd7 7. Nc3 Ngf6 8.
Be2 b6 9. O-O Bb7 10. f3 h5 11. Rc1 O-O 12. b4 Ne5 13. Qb3 Qd7 14. Rfd1 Rfc8
15. Nd5 e6 16. Nxf6+ Bxf6 17. Nb5 Be7 18. Bf4 f6 19. Be3 Nf7 20. Bd3 Kg7 21.
Bb1 Bc6 22. Nc3 g5 23. a4 Rab8 24. b5 Ba8 25. Ne2 Rc7 26. Ba2 Qc8 27. Nd4 Nd8
28. Qb2 Kg6 29. Qf2 Bf8 30. h4 Rg7 31. hxg5 fxg5 32. Qg3 Be7 33. Bb1 Kf7 34. f4
g4 35. e5 h4 36. Qf2 Qb7 37. f5 exf5 38. Nxf5 Kg8 39. Nxg7 Kxg7 40. exd6 1-0